00281nam a2200121Ia 4500008004100000082001300041100001700054245003000071250001100101260002300112300000800135650001600143191201s2010 xx 000 0 und d a004bRAF aRAJARAMAN, V 0aFundamentals of Computers aEd.5th aN.DelhibPHIc2010 a438 aB.Tech(CSE)